Welcome to CU Library Online Public Access Catalogue (OPAC)

COMMUNISM AND CHRISTIAN FAITH (Record no. 2486)

MARC details
000 -LEADER
fixed length control field 00388nam a22001457a 4500
005 - DATE AND TIME OF LATEST TRANSACTION
control field 20250109105913.0
008 - FIXED-LENGTH DATA ELEMENTS--GENERAL INFORMATION
fixed length control field 250109b |||||||| |||| 00| 0 eng d
050 ## - LIBRARY OF CONGRESS CALL NUMBER
Classification number HX536
Item number DEK
100 ## - MAIN ENTRY--PERSONAL NAME
Personal name DEKOSTER, LESTER
245 ## - TITLE STATEMENT
Title COMMUNISM AND CHRISTIAN FAITH
260 ## - PUBLICATION, DISTRIBUTION, ETC.
Place of publication, distribution, etc. MICHIGAN
Name of publisher, distributor, etc. WILLIAM B. EERDMANS PUBLISHING CO
Date of publication, distribution, etc. 1962
300 ## - PHYSICAL DESCRIPTION
Extent x,158p
500 ## - GENERAL NOTE
General note includes index
942 ## - ADDED ENTRY ELEMENTS (KOHA)
Source of classification or shelving scheme Library of Congress Classification
Koha item type Books
Suppress in OPAC No
999 ## -
-- 2486
-- 2486
Holdings
Withdrawn status Lost status Source of classification or shelving scheme Damaged status Not for loan Collection Home library Current library Shelving location Date acquired Total checkouts Full call number Barcode Date last seen Copy number Price effective from Koha item type
    Library of Congress Classification     Non-fiction Undergraduate Library (Christ Temple) Undergraduate Library (Christ Temple) General stacks 01/09/2025   HX536 DEK ulct00000760 01/09/2025 1 01/09/2025 Books
© 2023-2024 Copyright: Central University Libraries. All Rights Reserved | Created by: Mahone Tech Office